00315nam a2200109Ia 4500008004100000245004400041245005700085260000900142300001900151300002100170300001400191160319s9999 xx 000 0 und d aStonyhurst foundation Day 2006 Disc 3 / cStonyhurst Southville International School Batangas. c2006 a1 videodisc :  bsound, color. ;  c4 3/4 in.